01466 a2200181 45000010006000000050017000060080041000230030015000640400040000790800151001192450048002700200022003182640030003403000019003705050741003891000020011308560134011502532020260407155537.0260407a2000 arg spa dAR-UNSa-BCEJYS aAR-UNSa-BCEJYSbspacAR-UNSa-BCEJYS a001.8xMetodología. Estudio general del método. Procedimientos científicos y técnicos para el estudio, La investigación y la discusión10aCómo escribir trabajos de investigación a978-84-7432-724-3 1aBarcelona :bGedisac2000 a473 p.c23 cm. a1. Para comprender qué es la investigación - 2. Cómo elegir un tema - 3. La identificación de fuentes en la biblioteca - 4. La utilización de las fuentes de la biblioteca - 5. El uso de internet y la búsqueda más allá de la biblioteca - 6. El registro de la información - 7. La organización del material - 8. Redactar y revisar - 9. La producción del trabajo final - 10. La documentación de fuentes según el estilo MLA - 11. La redacción de monografías en las humanidades - 12. La redacción de monografías en literatura - 13. Redacción de monografías en las ciencias sociales utilizando el estilo APA - 14. Redacción de monografías en las ciencias naturales y aplicadas utilizando el estilo CBE1 aWalker, Melissa41uhttps://biblioeco.unsa.edu.ar/pmb/images/libros/C?mo escribir trabajos de investigaci?n (2000).jpgyImagen de portadaqimage/jpeg